| 000 | 00607nam a2200229 i 4500 | ||
|---|---|---|---|
| 001 | bg | ||
| 100 | 1 | _aPawłowski, Jerzy. | |
| 245 | 1 | 0 |
_aPodstawowe układy elektroniczne : _bwzmacniacze i generatory / _cJerzy Pawłowski. |
| 246 | 3 | 4 |
_iTyt. okł. _aWzmacniacze i generatory |
| 260 |
_aWarszawa, _c1975. |
||
| 650 | 4 | _aWzmacniacze | |
| 650 | 4 | _aGeneratory | |
| 650 | 4 | _aUkłady elektroniczne | |
| 650 | 4 | _aPodręczniki akademickie | |
| 040 | _cBPK | ||
| 041 | _apol | ||
| 080 | _a621.373 | ||
| 080 | _a621.375 | ||
| 080 | _a(075.8) | ||
| 942 | _cKS | ||
| 008 | s pl f |000 0 pol | ||
| 999 |
_c16546 _d16546 |
||
| 856 |
_uhttp://koha.tu.koszalin.pl/cgi-bin/koha/opac-detail.pl?biblionumber=16546 _yKatalog online BPK |
||